000
00205 a2200097 4500
001
44428
100
_a
Canada
245
_a
Engineering Economy
260
_a
New York
_b
Macmillan
_c
090
_c
28143
_d
28143
942
_a
NUST-CAE
_c
M
_c
20162
999
_c
279501
_d
279501